| 000 | 00443nam a2200109Ia 4500 | ||
|---|---|---|---|
| 008 | 220216s9999 xx 000 0 und d | ||
| 100 | _aAbraham J | ||
| 245 | 0 | _aUnder-flora in rubber plantations: Its effect on soil properties | |
| 260 | _bIRC 2012. International Rubber Conference, 28-31 October 2012, Kovalam, India, Rubber Research Institute of India, Kottayam and IRRDB, Malaysia: Abstracts. pp.142-144. | ||
| 700 | _aJoseph P | ||
| 942 | _cJS | ||
| 999 |
_c71740 _d71740 |
||